000 00218nam a2200085Ia 4500
008 120527s9999 xx 000 0 und d
100 _aYolander, C. Dand
245 _aInstructor manual to accompany Economics
942 _cBK
999 _c27119
_d27119